| 000 | 00539nam a2200193 a 4500 | ||
|---|---|---|---|
| 001 | 2967 | ||
| 005 | 20140414132020.0 | ||
| 008 | 051130s19uu xx 00 eng d | ||
| 020 | _a0-439-27308-0 | ||
| 050 |
_aTR 581.3 _bP84 2003 |
||
| 100 | _aPosada, Mia | ||
| 245 |
_aDandelions : stars in the grass / _cby Mia Posadas. |
||
| 260 |
_aNew York : _bScholastic, _c2003. |
||
| 300 | _a1 v. p. ; cm. | ||
| 500 | _a"Cartwheel Books" | ||
| 650 |
_aPlants _xJuvenile literature. |
||
| 650 |
_aGrowth _xJuvenile literature. |
||
| 999 |
_c113449 _d113449 |
||